| 000 | 00727nam a2200241 i 4500 | ||
|---|---|---|---|
| 001 | bgj | ||
| 100 | 1 | _aSPRATT, Mary | |
| 245 | 1 | 0 |
_aThe Cambridge CAE Course : _bteacher's book / _cMary Spratt & Lynda B. Taylor. |
| 260 |
_aCambridge : _bCambridge University Press, _c1997. |
||
| 300 |
_a142 pp ; _c28 cm. |
||
| 490 | 1 | _aCambridge Examinations Publishing | |
| 650 | 9 | _aEnglish language | |
| 650 | 9 | _aEnglish language | |
| 655 | _aExaminations, questions, etc. | ||
| 700 | 1 |
_aTAYLOR, Lynda B. _eco-author |
|
| 830 | _aCambridge Examinations Publishing | ||
| 020 | _a0521447119 (pbk) | ||
| 040 | _cBPK | ||
| 041 | 0 | _aeng | |
| 920 | _a0-521-44711-9 (pbk) | ||
| 942 | _cKS | ||
| 008 | s uk f |000 0 eng | ||
| 999 |
_c48272 _d48272 |
||